| 000 -LEADER |
| fixed length control field |
00464nam a22001697a 4500 |
| 005 - DATE AND TIME OF LATEST TRANSACTION |
| control field |
20230823120053.0 |
| 008 - FIXED-LENGTH DATA ELEMENTS--GENERAL INFORMATION |
| fixed length control field |
230823s1980 gw ||||| |||| 00| 0 ger d |
| 020 ## - INTERNATIONAL STANDARD BOOK NUMBER |
| International Standard Book Number |
3499180790 |
| 041 ## - LANGUAGE CODE |
| Language code of text/sound track or separate title |
ger |
| 080 ## - UNIVERSAL DECIMAL CLASSIFICATION NUMBER |
| Universal Decimal Classification number |
902 N-82 |
| 100 ## - MAIN ENTRY--PERSONAL NAME |
| Personal name |
Norton-Taylor, Duncan |
| 9 (RLIN) |
19704 |
| 245 ## - TITLE STATEMENT |
| Title |
Die Kelten : |
| Remainder of title |
(Die Frühzeit des Menschen) / |
| Statement of responsibility, etc. |
Duncan Norton-Taylor. |
| 264 ## - PRODUCTION, PUBLICATION, DISTRIBUTION, MANUFACTURE, AND COPYRIGHT NOTICE |
| Date of production, publication, distribution, manufacture, or copyright notice |
1984. |
| 300 ## - PHYSICAL DESCRIPTION |
| Extent |
160 p.: |
| Other physical details |
ill. ; |
| Dimensions |
26 cm. |
| 653 ## - INDEX TERM--UNCONTROLLED |
| keyword |
კელტები |
| 942 ## - ADDED ENTRY ELEMENTS (KOHA) |
| Source of classification or shelving scheme |
|
| Koha item type |
წიგნი |